000 00562nam a22001697a 4500
999 _c61673
_d61673
005 20181130161119.0
008 120130t xxu||||| |||| 00| 0 eng d
020 _a8176296953
_c450.00
035 _aB-159105, B-159099,B-159100
040 _aDPL
_bENG
100 _aSingh, P. P.
_940379
245 _aE-learning new trends and innovations
_cby P. P. Singh and Sandhir Sharma
260 _aNew Delhi
_bDeep and Deep Publications Pvt. Ltd
_c2005
300 _a202p.
_c20 cms.
700 _aSharma, Sandhir
_940380
942 _2ddc
_cEN
_h001.2
_mELE